000 00320nam a2200133Ia 4500
100 _aDeo/Narsingh
942 _cBK
654 _agraph theory
245 _aGraph theory with applications to engineering & computer science
260 _bprentice hall
082 _a511.502462
_bDEO
300 _a478
546 _aENGLISH
999 _c25209
_d25209